Cadre FAO/OMS pour la fourniture d'avis scientifiques sur la sécurité sanitaire des aliments et la nutrition (Record no. 47687)
[ view plain ]
| 000 -LEADER | |
|---|---|
| fixed length control field | 00499nam a22001577a 4500 |
| 003 - CONTROL NUMBER IDENTIFIER | |
| control field | 0 |
| 005 - DATE AND TIME OF LATEST TRANSACTION | |
| control field | 20160609165802.0 |
| 008 - FIXED-LENGTH DATA ELEMENTS--GENERAL INFORMATION | |
| fixed length control field | 100915t xxu||||| |||| 00| 0 eng d |
| 020 ## - NUMERO INTERNATIONAL NORMALISE DES LIVRES | |
| International Standard Book Number | 978-92-5-205807-6 |
| 040 ## - SOURCE DU CATALOGAGE | |
| Original cataloging agency | BIDOC |
| Language of cataloging | fr |
| Transcribing agency | bidoc |
| 110 ## - VEDETTE PRINCIPALE - NOM DE COLLECTIVITE | |
| Corporate name or jurisdiction name as entry element | FAO/OMS |
| 9 (RLIN) | 9058 |
| 245 ## - TITLE STATEMENT | |
| Title | Cadre FAO/OMS pour la fourniture d'avis scientifiques sur la sécurité sanitaire des aliments et la nutrition |
| 260 ## - PUBLICATION, DISTRIBUTION, ETC. (IMPRINT) | |
| Place of publication, distribution, etc | Rome/Genève |
| Name of publisher, distributor, etc | FAO/OMS |
| Date of publication, distribution, etc | 2007 |
| 300 ## - PHYSICAL DESCRIPTION | |
| Extent | viii-42 p. |
| Other physical details | couv. ill. en coul. |
| Dimensions | 30 cm. |
| 942 ## - ADDED ENTRY ELEMENTS (KOHA) | |
| Koha item type | Livre |
| Withdrawn status | Lost status | Damaged status | Not for loan | Location (home branch) | Sublocation or collection (holding branch) | Date acquired | Koha issues (times borrowed) | Koha full call number | Koha date last seen | Copy number | Price effective from | Koha item type |
|---|---|---|---|---|---|---|---|---|---|---|---|---|
| Bibliothèque-Centre de Documentation de la Faculté des Sciences Agronomiques | Bibliothèque-Centre de Documentation de la Faculté des Sciences Agronomiques | 15/09/2010 | NSA.2007.012 | 15/09/2010 | 1 | 15/09/2010 | Livre |